Laddered Words Quiz Stats

 Plays Quiz Updated Feb 25, 2020

Support Sporcle.
Go Orange.
Score 0/46 Timer 15:00
1 Play Today
HINT ANSWER % Correct
POLAR ELLIPSESolar Eclipse
89.7%
STRING, SIMMER, FAIL, WINNERSpring, Summer, Fall, Winter
88.6%
ROOKIE MOBSTERCookie Monster
79.7%
COME TWEET HOPEHome Sweet Home
78.1%
JOIN IF ARTJoan of Arc
77.9%
GREED EGOS AID HAGGreen Eggs and Ham
72.8%
TIE LEAPING TOWEL ON PITAThe Leaning Tower of Pisa
63.4%
FOUL SCARE END SEVER FEARS AGEFour Score and Seven Years Ago
63.3%
MARCH SOLOMarco Polo
62.3%
ADD I CARTRIDGE IF I FEAR FREEAnd a Partridge in a Pear Tree
61.2%
MOUNTAIN OX MOUTHFountain of Youth
59.5%
NEXT MASSAGEText Message
59.5%
TENNIS QUAILDennis Quaid
56.8%
LICK, SHOCK ANY BARRENLock, Stock and Barrel
53.6%
TIE CATTLE OR SHE BUDGEThe Battle of the Bulge
52.5%
WHO DIE SHE THICKEN GROSS SHE READ?Why Did the Chicken Cross the Road?
50.7%
LIGHT, SMALL, TORCH, WASTE, HEATINGSight, Smell, Touch, Taste, Hearing
50.7%
SHE DREAM IF SHE CROWThe Cream of the Crop
50.3%
THREW BLAND RICE (SEX NOW THEN RUM)Three Blind Mice (See How They Run)
50%
HAMPER END PICKLEHammer and Sickle
49.9%
TREAT WHILE SPARKGreat White Shark
49.6%
TOE KICKED WATCH IF SHE WEPTThe Wicked Witch of the West
49.4%
SHE LOVE DANGERThe Lone Ranger
48%
HINT ANSWER % Correct
FEW YOLK MESSNew York Mets
46.9%
KING GROUND TIE DOLLARRing Around the Collar
46.7%
SHE RAMBLE IF SHE JUGGLEThe Rumble in the Jungle
46.4%
SHE ODD BAN ANY TOE SEXThe Old Man and the Sea
44.6%
I SWITCH IT TAME SALES FINEA Stitch in Time Saves Nine
44.4%
PRIDE DUMBERPrime Number
43.9%
HOG A PET TOUR BOTHERHow I Met Your Mother
43.8%
IT GOT ME CRUSTIn God We Trust
42.5%
DO WE ON NET GO BY?To Be or Not To Be?
42.3%
COIL SAND LAKECool Hand Luke
42.3%
BONE WISH TOE WINEGone With the Wind
40.8%
LIVE, SIN, SEMEN, MIGHT, NONEFive, Six, Seven, Eight, Nine
40.2%
I COOL AID HAS HONEY ACE SOOT PARKEDA Fool and His Money Are Soon Parted
38.5%
LOG ANGELUS CHARMERSLos Angeles Chargers
38.2%
TOP LAWYER BE DARK TRAINTom Sawyer By Mark Twain
35.5%
HOVER, LARGE, WART, LIST, MAGPIEHomer, Marge, Bart, Lisa, Maggie
33.9%
LIME, PERKLima, Peru
29.5%
GOOSE LIES SICK SHIESLoose Lips Sink Ships
29.1%
STATUS ON VENUE BE MILDStatue of Venus de Milo
28.2%
BLUR PLUG FELLOW TAKES GREEDBlue Plus Yellow Makes Green
28.1%
THOR SHAFT HOT STEAMThou Shalt Not Steal
24.7%
AND POET IF I STORYAny Port in a Storm
23.5%
COOKS SIGHT (TEE SOLVER BALLET)Coors Light (The Silver Bullet)
19.8%

From the Vault

NBA Top 5 Scorers by Seasons Played

by dlh1231

Sports 8m
After 20 seasons, it gets a little tougher to score points.
Remove Ads.
Support Sporcle.
Get the best of Sporcle when you Go Orange. This ad-free experience offers more features, more stats, and more fun while also helping to support Sporcle. Thank you for becoming a member.

Show Comments

Extras

Top Quizzes Today


Score Distribution

Your Account Isn't Verified!

In order to create a playlist on Sporcle, you need to verify the email address you used during registration. Go to your Sporcle Settings to finish the process.

Report this User

Report this user for behavior that violates our Community Guidelines.

Details: